| Tag |
First Indicator |
Second Indicator |
Subfields |
| LEADER |
00000cam a2200000 i 4500 |
| 001 |
in00004075708 |
| 005 |
20191021075414.0 |
| 008 |
770708s1976 dcua b f101 0 eng |
| 010 |
|
|
|a 77358729
|
| 029 |
1 |
|
|a AU@
|b 000001030146
|
| 035 |
|
|
|a (OCoLC)ocm03203203
|
| 035 |
|
|
|a (OCoLC)3203203
|
| 040 |
|
|
|a DLC
|b eng
|c DLC
|d BTCTA
|d LHL
|d OCLCO
|d OCLCQ
|d CAX
|d OCLCF
|d UtOrBLW
|
| 049 |
|
|
|a TXAM
|
| 050 |
0 |
0 |
|a QC882
|b .A87
|
| 051 |
|
|
|a QC882
|b .A87 Suppl.
|
| 082 |
0 |
0 |
|a 551.5/113
|
| 086 |
0 |
|
|a NAS 1.55:2004
|
| 245 |
0 |
0 |
|a Atmospheric aerosols :
|b their optical properties and effects : a digest of technical papers presented at the topical meeting on atmospheric aerosols, their optical properties and effects, December 13-15, 1976, Williamsburg, Virginia /
|c sponsored by Optical Society of America, NASA Langley Research Center.
|
| 246 |
3 |
4 |
|a Atmospheric aerosols :
|b their optical properties and effects : a topical meting on atmospheric aerosols
|
| 264 |
|
1 |
|a [Washington] :
|b National Aeronautics and Space Administration,
|c 1976.
|
| 264 |
|
2 |
|a Springfield, Va. :
|b For sale by the National Technical Information Service.
|
| 300 |
|
|
|a 306 pages in various pagings :
|b illustrations ;
|c 27 cm
|a & supplement
|
| 336 |
|
|
|a text
|b txt
|2 rdacontent
|
| 337 |
|
|
|a unmediated
|b n
|2 rdamedia
|
| 338 |
|
|
|a volume
|b nc
|2 rdacarrier
|
| 500 |
|
|
|a "NASA CP-2004."
|
| 504 |
|
|
|a Includes bibliographical references and index.
|
| 650 |
|
0 |
|a Atmospheric aerosols
|x Optical properties
|v Congresses.
|
| 655 |
|
7 |
|a Conference papers and proceedings.
|2 fast
|0 (OCoLC)fst01423772
|
| 710 |
2 |
|
|a Optical Society of America.
|0 http://id.loc.gov/authorities/names/n82091895
|
| 710 |
2 |
|
|a Langley Research Center.
|0 http://id.loc.gov/authorities/names/n79134855
|
| 830 |
|
0 |
|a NASA conference publication ;
|v 2004.
|0 http://id.loc.gov/authorities/names/n42017376
|
| 994 |
|
|
|a C0
|b TXA
|
| 948 |
|
|
|a cataloged
|b h
|c 2019/7/02
|d c
|e Rblock
|f 04:17:08 pm
|
| 999 |
f |
f |
|s 03400339-1347-3431-9c94-a8cf1e95f8f9
|i 56259c69-d7e4-3589-a4d9-9b6342c8212a
|t 0
|
| 952 |
f |
f |
|p ric
|a Texas A&M University
|b Rellis Campus
|c Joint Library Facility
|d Remote Storage
|t 0
|e NAS 1.55:2004
|h Superintendent of Documents classification
|i unmediated -- volume
|m A14842683675
|
| 998 |
f |
f |
|a NAS 1.55:2004
|t 0
|l Remote Storage
|